| 000 | 00863cab a2200241 4500 | ||
|---|---|---|---|
| 001 | WB2929-38 | ||
| 008 | 090401t xxu||||| |||| 00| 0 eng d | ||
| 035 | _a(Sirsi) u38634 | ||
| 041 | _aeng | ||
| 245 | _aLaw Society owed no duty of care | ||
| 350 | _a0 | ||
| 490 |
_aIndependent _vIndependent 29 July 193, 14(1) |
||
| 520 | _a"Wood v Law Society" QBD 28 July 1993, held that a professional body, in this instance the Law Society, when carrying out its investigative and disciplinary functions, does not owe a duty of care to persons making complaints. | ||
| 650 | _aDUTY OF CARE | ||
| 650 | _aLAW SOCIETY | ||
| 650 | _aPROFESSIONAL BODIES | ||
| 650 | _aPROFESSIONAL ETHICS | ||
| 650 | _aPROFESSIONAL MISCONDUCT | ||
| 650 | _aREGULATORY BODIES | ||
| 690 | _aMANAGEMENT-BUSINESS MANAGEMENT-PROFESSIONAL PRACTICE | ||
| 942 | _n0 | ||
| 948 | _c04/03/1997 | ||
| 999 |
_c24825 _d24825 |
||